Klasyka polskiego rocka 1981-1990 - Statystyki

Ogólne statystyki
  • Ten quiz został rozwiązany 74 razy
  • Średni wynik to 11 z 15
Statystyki odpowiedzi
Zagadnienie Odpowiedź % Poprawnych
"Whisky" 1981 Dżem
97%
"Jolka, Jolka pamiętasz" 1984 Budka Suflera
93%
"Autobiografia" 1982 Perfect
90%
"Biała flaga" 1981 Republika
87%
"Andzia" 1984 Oddział Zamknięty
83%
"Dmuchawce, latawce, wiatr" 1983 Urszula
79%
"Kocham cię jak Irlandię" 1990 Kobranocka
76%
"Polska" 1986 Kult
76%
"Szklana pogoda" 1983 Lombard
73%
"Wieża radości, wieża samotności" 1987 Sztywny Pal Azji
70%
"Lucciola" 1984 Maanam
66%
"Skóra" 1984 Aya RL
65%
"Jeszcze będzie przepięknie" 1989 Tilt
58%
"Dorosłe Dzieci" 1983 Turbo
54%
"To co czujesz" 1981 Brygada Kryzys
46%
Nie znaleziono quizów pasujących do podanych kryteriów
Rozkład punktacji
Procent ludzi z każdym wynikiem
Percentyl według liczby udzielonych odpowiedzi
Twoja historia wyników
Nie rozwiązałeś tego quizu